000 00884nam a2200265 i 4500
003 DO-SdBNP
005 20240704112636.0
008 210316b dr ||||| |||| 00| 0 spa d
020 _a9789945617504
040 _aDO-SdBNP
_bspa
_cBNPHU
_erda
082 4 _aRD863.44
_bS232n
_222
100 1 _aSantana, Alejandro,
_926590
_d1960-
_eautor
245 1 0 _aNo todo fue tan breve /
_cAlejandro Santana
264 _aSanto Domingo :
_bSantuario,
_c2020.
300 _a379 páginas ;
_c24 cm
336 _2rdacontent
_atexto
_btxt
337 _2rdamedia
_asin mediación
_bn
338 _2rdacarrier
_avolumen
_bnc
500 _aIncluye datos biográficos del autor en las solapas
590 _aInventariado, 2021/DG
650 4 _aEnsayos dominicanos
_965
650 4 _aLiteratura dominicana
_978146
910 _aInventariado, 2021 / DG/Validado. Control de calidad MFF
942 _2ddc
_cLBS1
999 _c49579
_d49579